| 000 | 01011nac a22003011i 4500 | ||
|---|---|---|---|
| 003 | EG-ScBUE | ||
| 005 | 20230730095905.0 | ||
| 008 | 090423s2007 enk f 001 0 eng d | ||
| 020 | _a0745630863 | ||
| 020 | _a9780745630878 | ||
| 040 |
_aEG-ScBUE _beng _erda _cEG-ScBUE _dEG-ScBUE |
||
| 082 | 0 | 4 |
_a909.83 _bGLO _222 |
| 245 | 0 | 0 |
_aGlobalization, development and human security / _cedited by Anthony McGrew and Nana K. Poku. |
| 264 | 1 |
_aCambridge, UK : _bPolity Press, _c2007. |
|
| 300 |
_axii,228 pages ; _c25 cm |
||
| 336 |
_2rdacontent _atext _btxt |
||
| 337 |
_2rdamedia _aunmediated _bn |
||
| 338 |
_2rdacarrier _avolume _bnc |
||
| 500 | _aIncludes index | ||
| 650 | 7 |
_aGlobalization. _2BUEsh _94174 |
|
| 650 | 7 |
_aEconomic development. _2BUEsh _94175 |
|
| 650 | 7 |
_aSecurity, International. _2BUEsh _94176 |
|
| 650 | 7 |
_aWorld politics _y21st century. _2BUEsh _94177 |
|
| 655 | _vReading book | ||
| 700 | 1 |
_aMcGrew, Anthony G., _eeditor. _94178 |
|
| 700 | 1 |
_aPoku, Nana, _d1971- _eeditor. _94179 |
|
| 942 |
_cBB _2ddc |
||
| 999 |
_c2265 _d2265 |
||